Bekannte Persönlichkeiten aus Vorarlberg - Statistiken

Allgemein
  • Dieses Quiz wurde 59 mal gespielt
  • Das Durchschnittsergebnis liegt bei 5 aus 20
Antwortstatistiken
Geburtsjahr Geburtsort Hinweis Person % Korrekt
1919 Alberschwende Pädagoge, Gründer der SOS-Kinderdörfer Hermann Gmeiner
46%
1958 Bezau ehemaliger Skispringer und -trainer, Olympiasieger 1980 und Weltmeister Toni Innauer
42%
1950 Hohenems Musiker ("Some Girls are Ladies", "Video Life"), Autor und Filmemacher ("Der Atem des Himmels", "Erik & Erika") Reinhold Bilgeri
40%
1983 Hohenems Autorennfahrer, zwischen 2004 und 2010 Formel-1-Fahrer, 3. beim 24-Stunden-Rennen von Le Mans 2008 Christian Klien
38%
1955 Lauterach Fußballspieler (FC Vorarlberg, Innsbruck, Frankfurt, Bremen, Nationalteam), Teil der FIFA-Weltauswahl 1979, UEFA-Pokal-Sieger 1980, † 1994 Bruno Pezzey
35%
1967 Schruns ehemalige Skirennläuferin, Olympiasiegerin 1988 (Kombination), Gesamtweltcupsiegerin 1992/93 Anita Wachter
33%
1839 Schoppernau Schriftsteller ("Sonderlinge", "Reich und Arm") und Sozialreformer Franz Michael Felder
31%
1964 Dornbirn Journalist und Fernsehmoderator ("Dokeins", "Wahlfahrt", "Kurier des Kaisers") Hanno Settele
29%
1962 Bludenz Fernsehmoderatorin und Journalistin (ZIB, "Im Zentrum"), Chefredakteurin von ORF III Ingrid Thurnher
29%
1949 Hard Schriftsteller ("Die Musterschüler", "Sunrise") Michael Köhlmeier
25%
1967 Bregenz ehemaliger Skirennläufer, Olympiasieger 1992, Weltmeister 1996 (Abfahrt) Patrick Ortlieb
25%
1972 Schruns Journalist und Fernsehmoderator ("Thema") Christoph Feurstein
23%
1961 Bregenz Schriftsteller ("Schlafes Bruder", "Die Offenbarung") Robert Schneider
23%
1885 Wolfurt Chirurg, Wegbereiter der modernen Unfallchirurgie Lorenz Böhler
19%
1875 Altach von 1930 bis 1931 Kanzler der ersten Republik, davor Landeshauptmann von Vorarlberg Otto Ender
13%
1927 Lech ehemalige Skirennläuferin, 2x Olympiasiegerin, 3x Weltmeisterin Trude Jochum-Beiser
10%
1950 Feldkirch ehemalige Skirennläuferin, Abfahrtsweltcupsiegerin 1968/69, Bronzemedaillengewinnerin bei Olympia 1972 Wiltrud Drexel
10%
1955 Hohenems Fernsehjournalistin und -moderatorin, berichtete im ORF vom Wiener Opernball sowie diversen Adelsanlässen Lisbeth Bischoff
8%
1956 Hard Filmmusikkomponist, -produzent und Drehbuchautor, arbeitete oft mit Roland Emmerich zusammen ("10.000 B.C.", "White House Down") Harald Kloser
4%
1970 Feldkirch Filmregisseur und -produzent ("Die fetten Jahre sind vorbei", "Das weiße Rauschen", "Free Rainer") Hans Weingartner
2%
Keine übereinstimmenden Quizze gefunden
Verteilung der Resultate
Anzahl Personen mit jedem Resultat
Perzentil nach korrekt beantworteten Fragen
Ihre Resultats-Entwicklung
Sie haben dieses Quiz noch nicht gespielt